Which Continent is this City in? - Ultimate Mode - Statistics

General Stats
  • This quiz has been taken 119 times
  • The average score is 76 of 114
Answer Stats
Hint Answer % Correct
Jerusalem Asia
88%
Riyadh Asia
85%
Frankfurt Europe
84%
Tokyo Asia
82%
Dubai Asia
82%
Barcelona Europe
82%
Kyiv Europe
82%
London Europe
82%
Toronto North America
82%
Auckland Oceania / Australia
82%
Seoul Asia
81%
Reykjavík Europe
81%
Washington, D.C. North America
81%
Canberra Oceania / Australia
81%
Santiago South America
81%
Gothenburg Europe
80%
Madrid Europe
80%
Vienna Europe
80%
Verona Europe
80%
Adelaide Oceania / Australia
80%
São Paulo South America
80%
Buenos Aires South America
80%
Johannesburg Africa
79%
Kuala Lumpur Asia
79%
Delhi Asia
79%
Jakarta Asia
79%
Sofia Europe
79%
Rio de Janeiro South America
79%
Lima South America
79%
Bogotà South America
79%
Algiers Africa
78%
Mogadishu Africa
78%
Antwerp Europe
78%
Athens Europe
78%
Mexico City North America
78%
Havana North America
78%
Manila Asia
77%
Kolkata Asia
77%
Karachi Asia
77%
Rome Europe
77%
Casablanca Africa
76%
Cairo Africa
76%
Bristol Europe
76%
Panama City North America
76%
Quito South America
76%
Windhoek Africa
75%
Doha Asia
75%
Port-au-Prince North America
75%
Wellington Oceania / Australia
75%
Yangon Asia
74%
Santo Domingo North America
74%
Perth Oceania / Australia
74%
Christchurch Oceania / Australia
74%
Kinshasa Africa
73%
Sana'a Asia
73%
Dhaka Asia
73%
Edmonton North America
73%
Guatemala City North America
73%
Montevideo South America
73%
Juba Africa
72%
Lusaka Africa
72%
Muscat Asia
72%
Žilina Europe
72%
San Salvador North America
72%
Paramaribo South America
72%
Lahore Asia
70%
Tegucigalpa North America
70%
Maseru Africa
69%
Kaohsiung Asia
69%
Kunming Asia
69%
Suva Oceania / Australia
68%
Mashhad Asia
67%
Guadalajara North America
67%
Port Moresby Oceania / Australia
67%
Kano Africa
66%
South Tarawa Oceania / Australia
66%
Roseau North America
65%
Hobart Oceania / Australia
65%
Guayaquil South America
65%
Iquitos South America
65%
Mar del Plata South America
65%
Recife South America
63%
Beijinf Asia
62%
Castries North America
62%
Montego Bay North America
62%
Apia Oceania / Australia
62%
Belmopan North America
61%
Nuku'alofa Oceania / Australia
61%
Manaus South America
60%
Cotonou Africa
59%
Honiara Oceania / Australia
58%
Porto Alegre South America
58%
Salto South America
57%
Mbuji-Mayi Africa
56%
Ayutthaya Asia
53%
Le'auva'a Oceania / Australia
53%
Cochabamba South America
53%
Yaren Oceania / Australia
51%
Mekele Africa
48%
Constanta Europe
47%
Cayenne South America
45%
Osh Asia
42%
Sfax Africa
41%
Antsiranana Africa
40%
Khulna Asia
39%
Maribor Europe
35%
Launceston Oceania / Australia
31%
Banja Luka Europe
29%
Koror Oceania / Australia
28%
Kankan Africa
24%
Lae Oceania / Australia
23%
Ilorin Africa
19%
Camaguey North America
14%
Alajuela North America
13%
No matching quizzes found
Score Distribution
Percent of People with Each Score
Percentile by Number Answered
Your Score History
You have not taken this quiz